El Catalá XPO Ferrens Colom de Terra Rubra, descobridor d'America / (Record no. 40602)
[ view plain ]
| 000 -LEADER | |
|---|---|
| campo de control de longitud fija | 00704nam a2200157 i 4500 |
| 001 - NÚMERO DE CONTROL | |
| campo de control | 40602 |
| 003 - IDENTIFICADOR DE NÚMERO DE CONTROL | |
| campo de control | ES-MaACL |
| 005 - FECHA Y HORA DE LA ÚLTIMA TRANSACCIÓN | |
| campo de control | 20230906160252.0 |
| 007 - CAMPO FIJO DE DESCRIPCIÓN FÍSICA--INFORMACIÓN GENERAL | |
| campo de control de longitud fija | t| |
| 008 - DATOS DE LONGITUD FIJA--INFORMACIÓN GENERAL | |
| campo de control de longitud fija | 030306s1930 sp ||||1| cat d |
| 100 1# - ENTRADA PRINCIPAL--NOMBRE DE PERSONA | |
| Nombre de persona | Carreras Valls, R. |
| 9 (RLIN) | 35683 |
| 245 13 - MENCIÓN DEL TÍTULO | |
| Título | El Catalá XPO Ferrens Colom de Terra Rubra, descobridor d'America / |
| Mención de responsabilidad, etc. | conferencia donada per R. Carreras Valls a l'ateneu de Tortosa el 1 de Desembre de 1929, traduïda al Castellá, Frencés, Italiá, Anglés y Aleimany, seguida d'un index cronologie de documents per a la Biografia del Descobridor fins a 5 de maig de 1847. |
| 260 ## - PUBLICACIÓN, DISTRIBUCIÓN, ETC. | |
| Lugar de publicación, distribución, etc. | Barcelona : |
| Nombre del editor, distribuidor, etc. | [s.n., |
| Fecha de publicación, distribución, etc. | 1930] ( |
| Fabricante | Imp. Altés) |
| 300 ## - DESCRIPCIÓN FÍSICA | |
| Extensión | 97 p. ; |
| Dimensiones | 25 cm. |
| 852 ## - LOCALIZACIÓN | |
| Ubicación | ES-MaACL |
| Número de control de estantería | 1738-F-3 |
| Estatus retirado | Estado de pérdida | Estado de daño | No para préstamo | Colección | Biblioteca de origen | Biblioteca actual | Ubicación en estantería | Fecha de adquisición | Fuente de adquisición | Total de préstamos | Signatura topográfica completa | Código de barras | Visto por última vez | Precio de reemplazo | Tipo de ítem Koha |
|---|---|---|---|---|---|---|---|---|---|---|---|---|---|---|---|
| Colección de folletos | Biblioteca del Ateneo de Madrid | Biblioteca del Ateneo de Madrid | Depósito folletos | 17/01/2008 | 1738-F-3 | 1042745 | 23/02/2023 | 23/02/2023 | Folleto |
